04728nam a2200481 a 450000100100000000500170001000800410002702000220006802000220009002000220011202000220013402000220015602000220017804000250020008200150022524501580024026000400039830000410043849000120047950000250049150001150051650000470063150502990067850503320097750503620130950504580167150506040212950505690273370000370330270000380333970000450337770000310342270000300345370000270348383000180351095201230352895201230365195201130377495201140388795201140400195201140411599900170422900001375620200929163334.0091118s2004 dr abc 000 0 spa d a9993498203 (v. 1) a9993498211 (v. 2) a9993498238 (v. 4) a8482616730 (v. 5) a8482616757 (v. 7) a8482616765 (v. 8) aDO-SdBNPbspacBNPHU axxxxbxxxx00aSociedad :beducación básica /cFanny Capellán Almonte... [et al] ; dirección editorial Obdulia García de Escobar; ilustración Amado Polanco. aSanto Domingo :bSantillana,c2004. a8 v. :bil., maps., retrs. ;c28 cm.1 aÁmbar aEducación básica aLa biblioteca solamente posee la guía, el cuaderno y el álbum del v. 7 y el cuaderno y el álbum del v. 8 aLa biblioteca no posee los volumenes 3 y 60 gv. 1 :gunidad 1 --tAsí somos --gunidad 2 --tDónde Vivo --gunidad 3 --tDónde aprendo --gunidad 4 --tMi comunidad --gunidad 5 --tEl campo y la ciudad --gunidad 6 --tMis necesidades --gunidad 7 --tTrabajo y producción --gunidad 8 --tMi país /rFanny Capellán Almonte --0 gv. 2 :gunidad 1--tLa familia y la escuela --gunidad 2 --tBarrio y comunidad --gunidad 3 --tNecesidades y recursos --gunidad 4 --tOficios y profesiones --gunidad 5 --tLas comunicaciones --gunidad 6 --tEl transporte --gunidad 7 --tLas normas --gunidad 8 --tLa República Dominicana /rFanny Capellán Almonte --0 gv. 4 :gunidad 1 --tNuestro planeta --gunidad 2 --tLos medios naturales --gunidad 3 --tLa República Dominicana --gunidad 4 --tNuestros indígenas --gunidad 5 --tEl descubrimiento --gunidad 6 --tColonia de Santo Domingo --gunidad 7 --tDivisión de la isla --gunidad 8 --tLa República /rEric Castro Ricart --rFanny Capellán Almonte --0 gv. 5 :gunidad 1 --tGeografía de América --gunidad 2 --tEuropa y Asia --gunidad 3 --tÁfrica y Oceanía --gunidad 4 --tLas grandes civilizaciones --gunidad 5 --tÉpoca de descubrimientos --gunidad 6 --tLa dominación colonial --gunidad 7 --tConquista y colonización --gunidad 8 --tEconomía y esclavitud --gunidad 9 --tLas devastaciones --gunidad 10 --tLas dos colonias /rFanny Capellán Almonte --rEric Castro Ricart --0 gv. 7 :gunidad 1 --tEl antecedente colonial --gunidad 2 --tLa situación internacional --gunidad 3 --tEvolución de las Antillas --gunidad 4 --tEntre la Colonia y la República --gunidad 5 --tLa economía del siglo XIX --gunidad 6 --tLa fundación de la República --gunidad 7 --tAnexión y segunda República --gunidad 8 --tIndependentismo y antillanismo --gunidad 9 --tLiberalismo y dictadura --gunidad 10 --tLa cultura en el siglo XIX --gunidad 11 --tModernización a fines del XIX --gunidad 12 --tEl espacio en el siglo XIX /rQuisqueya Lora --rMarcos Morales --0 gv. 8 :gunidad 1 --tLos inicios el siglo XX --gunidad 2 --tLas pugnas caudillistas --gunidad 3 --tLa intervención de 1916 --gunidad 4 --tAscenso de Trujillo --gunidad 5 --tCrisis final de la dictadura --gunidad 6 --tEl Caribe en el siglo XX --gunidad 7 --tEl país entre 1961 y 1966 --gunidad 8 --tLos doce años de Balaguer --gunidad 9 --tEvolución política reciente --gunidad 10 --tLa economía dominicana hoy --gunidad 11 --tLa cultura dominicana --gunidad 12 --tLa organización del espacio /rQuisqueya Lora --rMarcos Morales1 aCapellán Almonte, Fanny9297661 aPolanco, José Amadoeil.9231721 aGarca Escobar, Obdulia,edir. ed.9297701 aCastro Ricart, Eric9231701 aLora H., Quisqueya9297681 aMorales, Marcos929769 0aÁmbar96599 0010547-18PDaGRbGRcOId2009-11-30iLF1l0oxxxx xxxxp13756-30r2020-06-25w2020-06-25yLFPDZPréstamo en sala 0010547-18PDaGRbGRcOId2009-12-01iLF1l0oxxxx xxxxp13756-60r2020-06-25w2020-06-25yLFPDZPréstamo en sala 0010718PDaPDbPDcCTd2009-11-30iLF1l0oxxxx xxxxp13756-10r2020-06-25w2020-06-25yLFPDZNo se presta 00107-18PDaPDbPDcOId2009-11-30iLF1l0oxxxx xxxxp13756-20r2020-06-25w2020-06-25yLFPDZNo se presta 00107-18PDaPDbPDcOId2009-12-01iLF1l0oxxxx xxxxp13756-40r2020-06-25w2020-06-25yLFPDZNo se presta 00107-18PDaPDbPDcOId2009-12-01iLF1l0oxxxx xxxxp13756-50r2020-06-25w2020-06-25yLFPDZNo se presta c13369d13369